Earthmoving vehicles (Record no. 40634)

MARC details
000 -LEADER
fixed length control field 00598nam a2200169 a 4500
008 - FIXED-LENGTH DATA ELEMENTS--GENERAL INFORMATION
fixed length control field 120416s1972 ||||||||||||||||| || u
020 ## - INTERNATIONAL STANDARD BOOK NUMBER
International Standard Book Number 0723214670
050 ## - LIBRARY OF CONGRESS CALL NUMBER
Classification number TA 725 Oly
100 ## - MAIN ENTRY--PERSONAL NAME
Personal name Vanderveen, Bart H
245 10 - TITLE STATEMENT
Title Earthmoving vehicles
Statement of responsibility, etc. compiled by the Olyslager Organisation
260 ## - PUBLICATION, DISTRIBUTION, ETC.
Place of publication, distribution, etc. London:
Name of publisher, distributor, etc. Frederick Warne
Date of publication, distribution, etc. 1972
300 ## - PHYSICAL DESCRIPTION
Extent 64p. : ill.
350 ## - PRICE (NR) (BK AM CF MU VM SE) [OBSOLETE]
Price 0.00
650 ## - SUBJECT ADDED ENTRY--TOPICAL TERM
Topical term or geographic name entry element EARTHMOVING MACHINERY
700 ## - ADDED ENTRY--PERSONAL NAME
Personal name Miller, Denis N
995 ## - RECOMMENDATION 995 [LOCAL, UNIMARC FRANCE]
-- 0.00
-- CBU-MAIN LIBRARY (Kitwe)
-- 1
-- 1.50
-- AVAILABLE
-- Main Library Open Access Collection
Holdings
Withdrawn status Lost status Source of classification or shelving scheme Damaged status Not for loan Home library Current library Shelving location Date acquired Total Checkouts Full call number Barcode Date last seen Price effective from Koha item type
          CBU-MAIN LIBRARY, KITWE. CBU-MAIN LIBRARY, KITWE.   11/30/2022   TA 725 Oly 013988 11/30/2022 11/30/2022 MONOGRAPH